000 00409nam a2200181Ia 4500
003 0STCL
008 150530s9999 xx 000 0 und d
040 _aSTCL
_cSTCL
100 _aWilliams, T.
245 2 _aA Streetcar Named Desire
250 _a4
260 _bRama Brothers; Delhi
_c2006
_aDelhi
300 _a83
546 _aEnglish
942 _2ddc
_cBK
999 _c50684
_d50684
005 20220125170828.0